LEADER 02102nam# 22004693i 450 001 VAN00285758 005 20250401085959.439 017 70$2N$a9789811987809 100 $a20250129d2023 |0itac50 ba 101 $aeng 102 $aSG 105 $a|||| ||||| 181 $ai$b e 182 $ab 183 $acr 200 0 $aVolume 2$fChengmin Liu editor 210 $aSingapore$cSpringer$d2023 215 $axliii, 1198 p.$cill.$d24 cm 410 1$1001VAN00132747$12001 $aSpringer Proceedings in Physics$1210 $aBerlin [etc.]$cSpringer$d1984-$v284 461 1$1001VAN00285735$12001 $aProceedings of the 23rd Pacific Basin Nuclear Conference$ePBNC 2022, 1 - 4 November, Beijing & Chengdu, China$fChengmin Liu editor$1210 $aSingapore$cSpringer$d2023$1215 $a3 volumi$cill.$d24 cm$v2 606 $a00B25$xProceedings of conferences of miscellaneous specific interest [MSC 2020]$3VANC020732$2MF 606 $a81V35$xNuclear physics [MSC 2020]$3VANC023270$2MF 610 $aCarbon emission peak$9KW:K 610 $aCarbon neutrality$9KW:K 610 $aInnovative technology$9KW:K 610 $aNuclear Energy$9KW:K 610 $aNuclear power reactor$9KW:K 610 $aSafety and security$9KW:K 610 $aScience$9KW:K 610 $aWaste management$9KW:K 620 $aSG$dSingapore$3VANL000061 702 1$aLiu$bChengmin$3VANV239682$4340 710 12$aInternational Confernece Pacific Basin Nuclear Conference$d23.$f2022$eBeijing and Chengdu, China$3VANV239689$01783152 712 $aSpringer $3VANV108073$4650 801 $aIT$bSOL$c20250606$gRICA 856 4 $uhttps://doi.org/10.1007/978-981-19-8780-9$zE-book ? Accesso al full-text attraverso riconoscimento IP di Ateneo, proxy e/o Shibboleth 899 $aBIBLIOTECA DEL DIPARTIMENTO DI MATEMATICA E FISICA$1IT-CE0120$2VAN08 912 $fN 912 $aVAN00285758 950 $aBIBLIOTECA DEL DIPARTIMENTO DI MATEMATICA E FISICA$d08DLOAD e-Book 10461 $e08eMF10461 20250212 996 $aVolume 2$94310674 997 $aUNICAMPANIA